LEADER 04271oam 2200997 c 450 001 9910155409603321 005 20260302090207.0 010 $a9783839436509 010 $a3839436508 024 7 $a10.14361/9783839436509 035 $a(CKB)3710000000974607 035 $a(MiAaPQ)EBC4772672 035 $a(DE-B1597)477275 035 $a(OCoLC)965684514 035 $a(OCoLC)967564559 035 $a(DE-B1597)9783839436509 035 $a(transcript Verlag)9783839436509 035 $a(Perlego)1462558 035 $a(EXLCZ)993710000000974607 100 $a20260302d2016 uy 0 101 0 $ager 135 $aurcnu|||||||| 181 $2rdacontent 182 $2rdamedia 183 $2rdacarrier 200 10$aLadyfest-Aktivismus$eQueer-feministische Kämpfe um Freiräume und Kategorien$fAlexandra Ommert 205 $a1st ed. 210 $aBielefeld$ctranscript Verlag$d2016 215 $a1 online resource (297 pages) $cillustrations 225 0 $aQueer Studies 300 $aFrom the critique of identity politics and exclusive categories ? the utopia of a queer-feminist activism as a plural, category-transcending policy of alliance. 311 08$a9783837636505 311 08$a383763650X 320 $aIncludes bibliographical references. 327 $aFrontmatter 1 Inhalt 5 Dank 9 1. Einleitung 11 2. Forschungsstand Ladyfest-Aktivismus 25 3. (Kulturell-politischer) Aktivismus 41 4. Theoretische Perspektiven auf Verhandlungen von Ein- und Ausschlu?ssen 51 5. Methodologie und methodische Reflexion 81 6. riot-grrrl-Aktivismus als Entstehungskontext von Ladyfesten 103 7. Gesellschaftskritische Verortung: Informelle Selbstorganisierung im Ladyfest-Aktivismus 121 8. Anspru?che, Strategien und Positionsbestimmungen von Ladyfest-Gruppen 147 9. Freira?ume ohne Ausschluss? 181 10. ,Lady' - eine Kategorie in Bewegung? 219 11. Fazit 253 Literatur und Anhang 271 Backmatter 294 330 $aLadyfeste stellen eine aktuelle queer-feministische Politikform dar. Alexandra Ommert liefert die bisher einzige Studie, die sich empirisch dem Ladyfest-Aktivismus der 2000er Jahre im deutschsprachigen Raum widmet. Sie ordnet das Phänomen historisch und begrifflich-theoretisch ein und schlägt vor, sein utopisches Potenzial im Ringen um Begriffe und Kategorien als plurale, transkategoriale Bündnispolitik zu verstehen und weiterzudenken.So werden nicht nur Einblicke in die aktivistischen Debatten und die historischen Zusammenhänge mit der Riot-Grrrl-Bewegung geboten, sondern auch deren Bedeutungen für einen aktuellen queer-feministischen Aktivismus aufgezeigt. 410 0$aQueer studies ;$vBand 14. 517 2 $aOmmert, Ladyfest-Aktivismus$eQueer-feministische Kämpfe um Freiräume und Kategorien 606 $aFeminismus 606 $aFeminism 606 $aQueer 606 $aSoziale Bewegung 606 $aSocial Movement 606 $aLadyfest 606 $aActivism 606 $aAktivismus 606 $aBündnispolitik 606 $aCoalition Politics 606 $aRiot Grrrl 606 $aGender 606 $aZivilgesellschaft 606 $aCivil Society 606 $aQueer Theory 606 $aGender Studies 606 $aSocial Movements 606 $aSoziale Bewegungen 606 $aCultural Studies 606 $aKulturwissenschaft 615 4$aFeminismus 615 4$aFeminism 615 4$aQueer 615 4$aSoziale Bewegung 615 4$aSocial Movement 615 4$aLadyfest 615 4$aActivism 615 4$aAktivismus 615 4$aBündnispolitik 615 4$aCoalition Politics 615 4$aRiot Grrrl 615 4$aGender 615 4$aZivilgesellschaft 615 4$aCivil Society 615 4$aQueer Theory 615 4$aGender Studies 615 4$aSocial Movements 615 4$aSoziale Bewegungen 615 4$aCultural Studies 615 4$aKulturwissenschaft 676 $a340.082 700 $aOmmert$b Alexandra$p
Alexandra Ommert, Frankfurt a.M., Deutschland
$4aut$01888252 801 0$bDE-B1597 801 1$bDE-B1597 906 $aBOOK 912 $a9910155409603321 996 $aLadyfest-Aktivismus$94526773 997 $aUNINA